000 00521nmm a2200169Ia 4500
008 251105s9999||||xx |||||||||||||||||und||
020 _a9788483441879
041 _aspa
100 _aGarrote Salazar, Marta
245 0 _aLos corpus de habla infantil :
_b Metodología y análisis
264 _a[Madrid, España] :
_bUniversidad Autónoma de Madrid,
_c2011
300 _a225 páginas
490 _aCuadernos de Apoyo
650 _aLexicology
856 _uhttps://public.digitaliapublishing.com/a/12894
942 _cCF
999 _c86105
_d86105